La liberté, ses limites et ses risques (Record no. 4634)
[ view plain ]
| 000 -LEADER | |
|---|---|
| campo de control de longitud fija | 00878njm a2200241 i 4500 |
| 001 - NÚMERO DE CONTROL | |
| campo de control | 4634 |
| 003 - IDENTIFICADOR DE NÚMERO DE CONTROL | |
| campo de control | ES-MaACL |
| 005 - FECHA Y HORA DE LA ÚLTIMA TRANSACCIÓN | |
| campo de control | 20240620063046.0 |
| 007 - CAMPO FIJO DE DESCRIPCIÓN FÍSICA--INFORMACIÓN GENERAL | |
| campo de control de longitud fija | s|r||||||||||| |
| 008 - DATOS DE LONGITUD FIJA--INFORMACIÓN GENERAL | |
| campo de control de longitud fija | 070803s1965 sp ||| g ||||||||1|nspa d |
| 100 1# - ENTRADA PRINCIPAL--NOMBRE DE PERSONA | |
| Nombre de persona | Mann, Golo. |
| 9 (RLIN) | 76048 |
| 245 13 - MENCIÓN DEL TÍTULO | |
| Título | La liberté, ses limites et ses risques |
| Medio | [Grabación sonora] / |
| Mención de responsabilidad, etc. | interviene Golo Mann. |
| 260 ## - PUBLICACIÓN, DISTRIBUCIÓN, ETC. | |
| Lugar de publicación, distribución, etc. | Madrid : |
| Nombre del editor, distribuidor, etc. | Ateneo de Madrid, |
| Fecha de publicación, distribución, etc. | 1965. |
| 300 ## - DESCRIPCIÓN FÍSICA | |
| Extensión | 1 disco (CD-DA) (1 h. 17 min. 49 seg.) ; |
| Dimensiones | 12 cm. |
| 500 ## - NOTA GENERAL | |
| Nota general | Datos basados en la invitación. |
| 518 ## - NOTA DE FECHA/HORA Y LUGAR DE UN ACONTECIMIENTO | |
| Nota de fecha/hora y lugar de un acontecimiento | Acto organizado por el Ateneo de Madrid, grabado el martes 9 de noviembre de 1965. |
| 610 24 - PUNTO DE ACCESO ADICIONAL DE MATERIA--NOMBRE DE ENTIDAD CORPORATIVA | |
| Nombre de entidad corporativa o nombre de jurisdicción como elemento de entrada | Ateneo de Madrid- |
| Subdivisión general | Actos culturales- |
| Subdivisión cronológica | 1965- |
| Subdivisión de forma | Grabaciones sonoras. |
| 9 (RLIN) | 1879 |
| 650 14 - PUNTO DE ACCESO ADICIONAL DE MATERIA--TÉRMINO DE MATERIA | |
| Término de materia o nombre geográfico como elemento de entrada | Libertad. |
| 9 (RLIN) | 14400 |
| 710 2# - ENTRADA AGREGADA--NOMBRE DE ENTIDAD CORPORATIVA | |
| Nombre de entidad corporativa o nombre de jurisdicción como elemento de entrada | Ateneo de Madrid. |
| 9 (RLIN) | 1875 |
| 852 ## - LOCALIZACIÓN | |
| Ubicación | ES-MaACL |
| Número de control de estantería | ROT 3/1/36 |
| itemnumber | 4751 |
| Ubicación en estantería | Rotativo |
| 942 ## - ELEMENTOS DE ENTRADA SECUNDARIOS (KOHA) | |
| Fuente del sistema de clasificación o colocación | Clasificación decimal universal |
| Estatus retirado | Estado de pérdida | Fuente del sistema de clasificación o colocación | Estado de daño | No para préstamo | Colección | Biblioteca de origen | Biblioteca actual | Ubicación en estantería | Fecha de adquisición | Total de préstamos | Signatura topográfica completa | Código de barras | Visto por última vez | Precio de reemplazo | Tipo de ítem Koha |
|---|---|---|---|---|---|---|---|---|---|---|---|---|---|---|---|
| Clasificación decimal universal | Archivo de la palabra | Biblioteca del Ateneo de Madrid | Biblioteca del Ateneo de Madrid | Rotativo | 17/01/2008 | ROT 3/1/36 | 1004697 | 23/02/2023 | 23/02/2023 | Archivo de ordenador en CD-ROM, CD o disquete |
